[Event "FIJ-ch"]
[Site "Suva"]
[Date "2007.12.01"]
[Round "6"]
[White "Kumar, Manoj"]
[Black "Gautam, Asheesh"]
[Result "1/2-1/2"]
[WhiteElo "2000"]
[BlackElo "1955"]
[PlyCount "28"]
[EventDate "2007.11.29"]
[EventType "tourn"]
[EventRounds "9"]
[EventCountry "FIJ"]
[SourceTitle "EXT 2010"]
[Source "ChessBase"]
[SourceDate "2010.11.25"]
[SourceVersion "1"]
[SourceVersionDate "2010.11.25"]
[SourceQuality "1"]

1. d4 e6 2. c4 Nf6 3. Nf3 d5 4. Nc3 Be7 5. Bg5 h6 6. Bh4 0-0 7. e3 Nbd7 8. Qc2 c5 9. Rd1 cxd4 10. exd4 dxc4 11. Bxc4 a6 12. Bb3 b5 13. 0-0 Bb7 14. d5 exd5 1/2-1/2

[Event "Oceania zt"]
[Site "Fiji"]
[Date "2007.05.12"]
[Round "9"]
[White "Gautam, Asheesh"]
[Black "Goundar, Sanmogam"]
[Result "1/2-1/2"]
[WhiteElo "1948"]
[BlackElo "1955"]
[PlyCount "39"]
[EventDate "2007.05.06"]
[EventType "swiss"]
[EventRounds "9"]
[EventCountry "FIJ"]
[SourceTitle "EXT 2010"]
[Source "ChessBase"]
[SourceDate "2010.11.25"]
[SourceVersion "1"]
[SourceVersionDate "2010.11.25"]
[SourceQuality "1"]

1. e4 e6 2. d4 d5 3. exd5 exd5 4. Bd3 Nc6 5. Nf3 Bg4 6. c3 Bd6 7. 0-0 Nge7 8. Bg5 f6 9. Be3 0-0 10. Nbd2 Qd7 11. Rc1 Bf5 12. Bb5 a6 13. Ba4 b5 14. Bb3 Na5 15. Bc2 Bxc2 16. Qxc2 Qf5 17. Qxf5 Nxf5 18. Rfe1 Nxe3 19. Rxe3 Rae8 20. Rce1 1/2-1/2

[Event "Oceania zt"]
[Site "Fiji"]
[Date "2007.05.07"]
[Round "3"]
[White "Gautam, Asheesh"]
[Black "Smith, Robert Wayne"]
[Result "0-1"]
[WhiteElo "1948"]
[BlackElo "2294"]
[PlyCount "106"]
[EventDate "2007.05.06"]
[EventType "swiss"]
[EventRounds "9"]
[EventCountry "FIJ"]
[SourceTitle "EXT 2010"]
[Source "ChessBase"]
[SourceDate "2010.11.25"]
[SourceVersion "1"]
[SourceVersionDate "2010.11.25"]
[SourceQuality "1"]

1. d4 Nf6 2. c4 e6 3. Nf3 b6 4. g3 Ba6 5. b3 c6 6. Bg2 Bb4+ 7. Bd2 Be7 8. 0-0 d5 9. Qc2 Nbd7 10. Bg5 Rc8 11. Nbd2 b5 12. c5 b4 13. Rfe1 Bb5 14. Rad1 0-0 15. Bxf6 Nxf6 16. e4 dxe4 17. Nxe4 Nd5 18. Ne5 a5 19. Nc4 Ra8 20. Ned6 Ba6 21. Rd2 Qc7 22. Be4 h6 23. Bxd5 cxd5 24. Nb6 Rab8 25. Na4 Bxd6 26. cxd6 Qxd6 27. Qc5 Qxc5 28. Nxc5 Bb5 29. f4 Rfe8 30. Kf2 Ra8 31. Rb2 g6 32. h4 h5 33. Kf3 Reb8 34. Reb1 Kg7 35. g4 hxg4+ 36. Kxg4 Kf6 37. Rh1 Rh8 38. Rbh2 Ke7 39. Re1 Kd6 40. Rc1 Rhb8 41. Kg5 Ke7 42. Re1 Rh8 43. Re3 a4 44. Re1 axb3 45. axb3 Rh5+ 46. Kg4 Ra3 47. Rh3 Ra2 48. Kf3 Rh8 49. Ke3 Rha8 50. h5 gxh5 51. Rxh5 Rg8 52. Rh3 Rc2 53. Rf3 f5 0-1

[Event "Olympiad-37"]
[Site "Turin"]
[Date "2006.06.04"]
[Round "13"]
[White "Gautam, Asheesh"]
[Black "Lettsome, Maurice"]
[Result "1/2-1/2"]
[WhiteElo "1955"]
[BlackElo "1824"]
[PlyCount "52"]
[EventDate "2006.05.21"]
[EventType "team-swiss"]
[EventRounds "13"]
[EventCountry "ITA"]
[SourceTitle "CBM 113"]
[Source "ChessBase"]
[SourceDate "2006.07.31"]
[SourceVersion "1"]
[SourceVersionDate "2006.07.31"]
[SourceQuality "1"]
[WhiteTeam "Fiji"]
[BlackTeam "British Virgin Islands"]
[WhiteTeamCountry "FIJ"]
[BlackTeamCountry "IVB"]

1. d4 Nf6 2. c4 e6 3. Nf3 Nc6 4. g3 Be7 5. Bg2 0-0 6. Nc3 d5 7. cxd5 exd5 8. 0-0 Re8 9. Re1 Ne4 10. Qb3 Nf6 11. Bg5 Na5 12. Qc2 Nc4 13. Rac1 c6 14. Nd2 Nb6 15. Nb3 Nbd7 16. e4 Nxe4 17. Bxe7 Rxe7 18. Nxe4 dxe4 19. Rxe4 Rxe4 20. Qxe4 Nf6 21. Qe5 Be6 22. Nc5 Qe7 23. Bh3 Re8 24. Re1 Nd7 25. Nxd7 Qxd7 26. Bxe6 Qxe6 1/2-1/2

[Event "Olympiad-37"]
[Site "Turin"]
[Date "2006.05.21"]
[Round "1"]
[White "Danner, Georg"]
[Black "Gautam, Asheesh"]
[Result "0-1"]
[WhiteElo "2402"]
[BlackElo "1955"]
[PlyCount "138"]
[EventDate "2006.05.21"]
[EventType "team-swiss"]
[EventRounds "13"]
[EventCountry "ITA"]
[SourceTitle "CBM 113"]
[Source "ChessBase"]
[SourceDate "2006.07.31"]
[SourceVersion "1"]
[SourceVersionDate "2006.07.31"]
[SourceQuality "1"]
[WhiteTeam "Austria"]
[BlackTeam "Fiji"]
[WhiteTeamCountry "AUT"]
[BlackTeamCountry "FIJ"]

1. d4 e6 2. Nf3 Nf6 3. e3 c5 4. Bd3 Nc6 5. 0-0 b6 6. c4 Bb7 7. Nc3 Be7 8. d5 Nb4 9. e4 Nxd3 10. Qxd3 exd5 11. cxd5 d6 12. Nd2 0-0 13. a4 a6 14. Nc4 Re8 15. Bd2 Rb8 16. f4 b5 17. axb5 axb5 18. Nxb5 Bxd5 19. exd5 Rxb5 20. Nxd6 c4 21. Nxc4 Rxd5 22. Qc2 Bc5+ 23. Kh1 Re2 24. Rae1 Ne4 25. Ne5 Rdxd2 26. Qc4 Qf6 27. Nf3 Qh6 28. Qxe4 Rxe4 29. Rxe4 Rxb2 30. Re8+ Bf8 31. h3 Qxf4 32. Rfe1 Qg3 33. R8e2 Rxe2 34. Rxe2 g6 35. Kg1 Bc5+ 36. Kh1 g5 37. Re5 g4 38. hxg4 Bd6 39. Rd5 Bf4 40. g5 Qf2 41. Rd1 Kg7 42. Rb1 h6 43. gxh6+ Bxh6 44. Rd1 Be3 45. Rb1 Qc2 46. Re1 Qh7+ 47. Nh2 Bf4 48. g3 Bxg3 49. Re2 Bxh2 50. Rxh2 Qe4+ 51. Kg1 Qe3+ 52. Kf1 f5 53. Re2 Qh3+ 54. Kf2 Kf6 55. Re3 Qh2+ 56. Kf3 Kg5 57. Re7 Qh8 58. Kg3 f4+ 59. Kf2 Qh2+ 60. Kf1 Kg4 61. Re2 Qh1+ 62. Kf2 Qf3+ 63. Ke1 Qc3+ 64. Kf2 Qg3+ 65. Kf1 f3 66. Rd2 Qh3+ 67. Kg1 Qh6 68. Rf2 Qe3 69. Kh1 Qe1+ 0-1

[Event "Olympiad-36"]
[Site "Mallorca"]
[Date "2004.10.25"]
[Round "10"]
[White "Ayyoubi, Saifudin"]
[Black "Gautam, Asheesh"]
[Result "1-0"]
[WhiteElo "2200"]
[BlackElo "1969"]
[PlyCount "51"]
[EventDate "2004.10.15"]
[EventType "team-swiss"]
[EventRounds "14"]
[EventCountry "ESP"]
[SourceTitle "CBM 104"]
[Source "ChessBase"]
[SourceDate "2005.01.27"]
[SourceVersion "1"]
[SourceVersionDate "2005.01.27"]
[SourceQuality "1"]
[WhiteTeam "Afghanistan"]
[BlackTeam "Fiji"]
[WhiteTeamCountry "AFG"]
[BlackTeamCountry "FIJ"]

1. e4 c5 2. Nc3 Nc6 3. Nf3 d6 4. h3 Nf6 5. Bc4 a6 6. a4 e6 7. d4 cxd4 8. Nxd4 Qb6 9. Nxc6 bxc6 10. Bb3 Be7 11. Bg5 0-0 12. Bxf6 gxf6 13. Qh5 d5 14. 0-0 Ra7 15. a5 Qc7 16. f4 Bb4 17. e5 fxe5 18. fxe5 Bxc3 19. bxc3 Qe7 20. Rf6 Qc5+ 21. Kh1 Qxc3 22. Raf1 c5 23. R1f4 Rd8 24. Rxf7 Qe1+ 25. Kh2 Qe4 26. Qg5+ 1-0

[Event "Olympiad-36"]
[Site "Mallorca"]
[Date "2004.10.15"]
[Round "1"]
[White "Gautam, Asheesh"]
[Black "Mallahi, Amir"]
[Result "0-1"]
[WhiteElo "1969"]
[BlackElo "2383"]
[PlyCount "62"]
[EventDate "2004.10.15"]
[EventType "team-swiss"]
[EventRounds "14"]
[EventCountry "ESP"]
[SourceTitle "CBM 104"]
[Source "ChessBase"]
[SourceDate "2005.01.27"]
[SourceVersion "1"]
[SourceVersionDate "2005.01.27"]
[SourceQuality "1"]
[WhiteTeam "Fiji"]
[BlackTeam "Iran"]
[WhiteTeamCountry "FIJ"]
[BlackTeamCountry "IRI"]

1. e4 c5 2. Nf3 Nc6 3. d4 cxd4 4. Nxd4 Nf6 5. Nc3 d6 6. Bc4 e5 7. Nde2 Be6 8. Bxe6 fxe6 9. 0-0 Be7 10. Kh1 d5 11. Ng3 d4 12. Nce2 h5 13. f4 h4 14. fxe5 Nxe5 15. Bf4 Neg4 16. e5 hxg3 17. exf6 Rxh2+ 18. Kg1 Qd5 19. Rf3 Bxf6 20. Bxg3 Rxg2+ 21. Kxg2 Ne3+ 22. Kf2 Nxd1+ 23. Rxd1 e5 24. c3 e4 25. Rxf6 e3+ 26. Kg1 gxf6 27. Rxd4 Qf3 28. Rh4 Kf7 29. Rh6 Kg8 30. Rh2 Rd8 31. Rg2 Rd1+ 0-1

[Event "Fiji-ch Inv"]
[Site "Suva"]
[Date "2003.12.08"]
[Round "1"]
[White "Devi, Artila"]
[Black "Gautam, Asheesh"]
[Result "0-1"]
[WhiteElo "1800"]
[BlackElo "1800"]
[PlyCount "100"]
[EventDate "2003.12.08"]
[EventType "tourn"]
[EventRounds "9"]
[EventCountry "FIJ"]
[SourceTitle "CBM 098 Extra"]
[Source "ChessBase"]
[SourceDate "2004.03.10"]
[SourceVersion "2"]
[SourceVersionDate "2004.03.10"]
[SourceQuality "1"]

1. e4 c5 2. Nc3 d6 3. Bc4 Nf6 4. d3 Nc6 5. h3 g6 6. a3 Bg7 7. Be3 0-0 8. Qd2 a6 9. Nf3 b5 10. Bd5 Nxd5 11. exd5 Nd4 12. Bxd4 cxd4 13. Ne4 Bb7 14. c4 dxc3 15. bxc3 Bxd5 16. Rc1 Bxe4 17. dxe4 Qa5 18. 0-0 Qxa3 19. Rfe1 Rac8 20. Nd4 Rc4 21. Red1 Rfc8 22. Ne2 Qc5 23. Qd3 Bxc3 24. Nxc3 Rxc3 25. Rxc3 Qxc3 26. Qxc3 Rxc3 27. Ra1 Rc6 28. Re1 e5 29. Rd1 Kf8 30. Kh2 Ke7 31. h4 b4 32. Kg3 b3 33. Rb1 Rc3+ 34. Kg4 h6 35. f4 a5 36. h5 a4 37. hxg6 fxg6 38. f5 Kf6 39. Rd1 Rc6 40. Kf3 gxf5 41. exf5 b2 42. Ke4 a3 43. Kd5 Ra6 44. Kc4 a2 45. g4 b1Q 46. Rxb1 axb1Q 47. Kc3 Ra3+ 48. Kc4 Qd3+ 49. Kb4 Qc3+ 50. Kb5 Qc5# 0-1

[Event "Fiji-ch Inv"]
[Site "Suva"]
[Date "2003.12.08"]
[Round "2"]
[White "Gautam, Asheesh"]
[Black "Kumar, Manoj"]
[Result "0-1"]
[WhiteElo "1800"]
[BlackElo "1800"]
[PlyCount "116"]
[EventDate "2003.12.08"]
[EventType "tourn"]
[EventRounds "9"]
[EventCountry "FIJ"]
[SourceTitle "CBM 098 Extra"]
[Source "ChessBase"]
[SourceDate "2004.03.10"]
[SourceVersion "2"]
[SourceVersionDate "2004.03.10"]
[SourceQuality "1"]

1. e4 c5 2. Nf3 e6 3. c3 Nf6 4. e5 Nd5 5. Bc4 Nb6 6. Bb3 Nc6 7. 0-0 d6 8. d4 dxe5 9. dxe5 Be7 10. Be3 Nd7 11. Ba4 Qc7 12. Bxc6 Qxc6 13. Re1 b6 14. Nbd2 Bb7 15. Qc2 Nxe5 16. Bf4 Nxf3+ 17. gxf3 0-0 18. Qe4 Rad8 19. Nc4 Qc8 20. Qe3 Rd5 21. Rad1 Rfd8 22. Rxd5 Bxd5 23. Nd2 c4 24. b4 cxb3 25. Nxb3 Qa6 26. Re2 Bc4 27. Rd2 Rxd2 28. Qxd2 Bd5 29. Kg2 Bf6 30. Bd6 Qc4 31. Nd4 Qxa2 32. Qxa2 Bxa2 33. Bb8 a6 34. Bc7 b5 35. Bb6 Bd5 36. Kg3 Kf8 37. f4 Ke8 38. Ba5 Bd8 39. Bb4 Kd7 40. f3 a5 41. Ba3 Bc4 42. Kf2 Bb6 43. Ke3 f6 44. Kd2 b4 45. Bb2 Kd6 46. Kc2 Kd5 47. Nb3 a4 48. Nd2 bxc3 49. Bxc3 e5 50. fxe5 fxe5 51. Ne4 Be2 52. Ng5 Be3 53. Nxh7 Bxf3 54. h3 Be4+ 55. Kb2 Bxh7 56. Be1 Kc4 57. Ka2 Bc2 58. Ka1 Kb3 0-1